| 000 | 00977nam a2200241 a 4500 | ||
|---|---|---|---|
| 003 | CBULib | ||
| 005 | 20240610143415.0 | ||
| 008 | 190610s2018 ||||||||||||||||| || u | ||
| 040 |
_aCBULib _bEnglish _cCBULib _dCBULib _erda |
||
| 050 | _aUNECE(02)2018/3 | ||
| 110 | _aUnited Nations Economic Commission for Europe (UNECE) | ||
| 245 | 1 | 0 |
_aWood energy in the ECE region: data, trends and outlook in Europe, the Commonwealth of independent states and North America _c/ by United Nations Commission for Europe [UNECE] |
| 260 |
_aNew York: Geneva _bUnited Nations Economic Commission for Europe (UNECE) _c2018 |
||
| 300 | _aix , 98pages.: illustrations. | ||
| 336 |
_2rdacontent _aText | _btxt |
||
| 337 |
_2rdamedia _aUnmediated | _bn |
||
| 338 |
_2rdacarrier _aVolume _bnc |
||
| 500 | _aBibliography | ||
| 650 | 0 |
_aFUELWOOD--CONSUPTION _92993 |
|
| 650 | 0 |
_aFUEL WOOD--GOVERNMENT POLICY _92994 |
|
| 942 |
_2mc _c029 |
||
| 999 |
_c61883 _d61883 |
||